[Event "THA-ch"]
[Site "Bangkok"]
[Date "2024.04.21"]
[Round "9"]
[White "Arunnuntapanich, Tinnakrit"]
[Black "Saeheng, Boonsueb"]
[Result "1/2-1/2"]
[WhiteElo "2060"]
[BlackElo "2068"]
[PlyCount "73"]
[EventDate "2024.04.17"]
[EventType "swiss"]
[EventRounds "9"]
[EventCountry "THA"]
[SourceTitle "CBM 220 Extra"]
[Source "ChessBase"]
[SourceDate "2024.07.31"]
[SourceVersion "1"]
[SourceVersionDate "2024.07.31"]
[SourceQuality "1"]

1. e4 e5 2. Nf3 Nc6 3. Bc4 Be7 4. d4 exd4 5. Nxd4 Nf6 6. Nxc6 dxc6 7. Qxd8+ Bxd8 8. Nc3 0-0 9. 0-0 Re8 10. Re1 b5 11. Bd3 a6 12. Bd2 Nd7 13. a4 Rb8 14. axb5 cxb5 15. Nd5 c5 16. Bf4 Ne5 17. Bxe5 Rxe5 18. f4 Re8 19. e5 c4 20. Be4 a5 21. b3 cxb3 22. cxb3 h5 23. Rec1 Be6 24. Nc7 Bxc7 25. Rxc7 Bxb3 26. Rxa5 b4 27. Raa7 g5 28. g3 gxf4 29. gxf4 Rec8 30. Rxc8+ Rxc8 31. Kf2 Rc4 32. Ke3 Rc3+ 33. Kd4 Rc4+ 34. Ke3 Rc3+ 35. Kd4 Rc4+ 36. Ke3 Rc3+ 37. Kd4 1/2-1/2

[Event "THA-ch"]
[Site "Bangkok"]
[Date "2024.04.20"]
[Round "7"]
[White "Saeheng, Boonsueb"]
[Black "Buakird, Apichit"]
[Result "1/2-1/2"]
[WhiteElo "2068"]
[BlackElo "1971"]
[PlyCount "153"]
[EventDate "2024.04.17"]
[EventType "swiss"]
[EventRounds "9"]
[EventCountry "THA"]
[SourceTitle "CBM 220 Extra"]
[Source "ChessBase"]
[SourceDate "2024.07.31"]
[SourceVersion "1"]
[SourceVersionDate "2024.07.31"]
[SourceQuality "1"]

1. d4 Nf6 2. c4 c5 3. d5 b5 4. cxb5 a6 5. bxa6 g6 6. Nc3 Bg7 7. Nf3 d6 8. e4 Nbd7 9. a4 0-0 10. Be2 Qa5 11. 0-0 Bxa6 12. Ra3 Bxe2 13. Qxe2 Nb6 14. Rd1 Nfd7 15. Bg5 Rfe8 16. Nb5 Nxa4 17. Rda1 Rab8 18. Nbd4 cxd4 19. Rxa4 Qb6 20. Ra7 Nc5 21. e5 d3 22. Qe3 Qxb2 23. Re1 Bxe5 24. h4 Bc3 25. Rf1 Qe2 26. Rc1 Qxe3 27. Bxe3 Ne4 28. Rd1 d2 29. Nxd2 Nxd2 30. Bxd2 Bd4 31. Ra4 Bc5 32. Be3 Rb5 33. Bxc5 Rxc5 34. g4 f6 35. Kg2 Kf7 36. Ra7 Rec8 37. Kg3 R8c7 38. Rxc7 Rxc7 39. Rd4 h6 40. Kf4 Rc2 41. f3 Rc3 42. Rd1 Rc4+ 43. Kg3 g5 44. hxg5 hxg5 45. Rd3 e5 46. dxe6+ Kxe6 47. Kf2 Ke5 48. Re3+ Kd5 49. Re8 Rc6 50. Ke3 Kc4 51. Re6 Kc5 52. Rxf6 Kc4 53. Re6 Kc5 54. Rf6 d5 55. Rf5 Rg6 56. Rf8 Re6+ 57. Kd3 Rg6 58. Rc8+ Kd6 59. Kd4 Rf6 60. Rd8+ Ke6 61. Ke3 Rf4 62. Rg8 Kf6 63. Re8 d4+ 64. Ke2 Kf7 65. Re5 Kf6 66. Rd5 Kg6 67. Rd6+ Kg7 68. Rd5 Kg6 69. Rd8 Kg7 70. Rd5 Kg6 71. Ra5 Kf6 72. Ra6+ Kg7 73. Rd6 Kf7 74. Ra6 Kg7 75. Rd6 Kf7 76. Ra6 Ke8 77. Ke1 1/2-1/2

[Event "THA-ch"]
[Site "Bangkok"]
[Date "2024.04.20"]
[Round "8"]
[White "Saeheng, Boonsueb"]
[Black "Kulpruethanon, Thanadon"]
[Result "1/2-1/2"]
[WhiteElo "2068"]
[BlackElo "2284"]
[PlyCount "134"]
[EventDate "2024.04.17"]
[EventType "swiss"]
[EventRounds "9"]
[EventCountry "THA"]
[SourceTitle "CBM 220 Extra"]
[Source "ChessBase"]
[SourceDate "2024.07.31"]
[SourceVersion "1"]
[SourceVersionDate "2024.07.31"]
[SourceQuality "1"]

1. e4 e5 2. Nf3 Nc6 3. Bb5 a6 4. Ba4 Nf6 5. 0-0 Be7 6. Re1 b5 7. Bb3 d6 8. c3 0-0 9. h3 Nb8 10. d4 Nbd7 11. a4 Bb7 12. Nbd2 c5 13. Bc2 Re8 14. Nf1 Bf8 15. Ng3 g6 16. Bg5 h6 17. Bxf6 Qxf6 18. dxc5 Nxc5 19. axb5 axb5 20. Qe2 Bc6 21. Nf1 Ne6 22. g3 b4 23. Ne3 bxc3 24. bxc3 Nc5 25. Nd2 h5 26. h4 Bh6 27. Reb1 Kg7 28. Rxa8 Rxa8 29. Rb6 Ra1+ 30. Kg2 Ba8 31. f3 Nd7 32. Rb1 Ra7 33. Bb3 Nc5 34. Bc4 Qd8 35. Nd5 Bxd5 36. Bxd5 Bxd2 37. Qxd2 Ra3 38. f4 exf4 39. Qxf4 Qe7 40. Rb6 Rxc3 41. Qxd6 Qxd6 42. Rxd6 Re3 43. Rc6 Nxe4 44. Bxe4 Rxe4 45. Kf3 Re6 46. Rc7 Kf6 47. Kf4 Ra6 48. Rb7 Ra4+ 49. Kf3 Ra5 50. Rc7 Ke6 51. Rb7 f6 52. Rb4 g5 53. hxg5 fxg5 54. Ke4 Re5+ 55. Kf3 Kf5 56. g4+ hxg4+ 57. Kf2 Ra5 58. Rb3 Kg6 59. Rb8 Ra3 60. Kg2 g3 61. Kh3 Re3 62. Rf8 g4+ 63. Kg2 Kg5 64. Rg8+ Kf4 65. Rf8+ Kg5 66. Rg8+ Kf4 67. Rf8+ Kg5 1/2-1/2

[Event "THA-ch"]
[Site "Bangkok"]
[Date "2024.04.19"]
[Round "5"]
[White "Saeheng, Boonsueb"]
[Black "Bodemar, Jonathan"]
[Result "1/2-1/2"]
[WhiteElo "2068"]
[BlackElo "2007"]
[PlyCount "98"]
[EventDate "2024.04.17"]
[EventType "swiss"]
[EventRounds "9"]
[EventCountry "THA"]
[SourceTitle "CBM 220 Extra"]
[Source "ChessBase"]
[SourceDate "2024.07.31"]
[SourceVersion "1"]
[SourceVersionDate "2024.07.31"]
[SourceQuality "1"]

1. d4 Nf6 2. c4 e6 3. Nf3 d5 4. g3 Bb4+ 5. Bd2 Be7 6. Bg2 0-0 7. Qc2 c6 8. 0-0 b6 9. cxd5 cxd5 10. Rc1 Ba6 11. Nc3 b5 12. a4 b4 13. Nb5 Nbd7 14. Bf4 Bxb5 15. axb5 Qb6 16. Qa4 Rfc8 17. Rc6 Qb7 18. Rac1 Nb6 19. Qd1 Nc4 20. b3 Qxb5 21. Rxc8+ Rxc8 22. bxc4 dxc4 23. Ne5 a5 24. e4 b3 25. Bf1 b2 26. Rb1 a4 27. Nxc4 Rxc4 28. Bxc4 Qxc4 29. Rxb2 Nxe4 30. Rb8+ Bf8 31. Qa1 Qc2 32. Be3 Qc7 33. Ra8 Qb7 34. Rxa4 h6 35. Ra8 Qb4 36. Rc8 Nd6 37. Rd8 Nf5 38. Bf4 Kh7 39. Qa8 Qe1+ 40. Kg2 Be7 41. Rd7 Kg6 42. Qb7 Bf6 43. Be5 Bxe5 44. dxe5 Qe2 45. Qf3 Qxe5 46. Qd3 Kf6 47. Qf3 Kg6 48. Qd3 Kf6 49. Qf3 Kg6 1/2-1/2

[Event "THA-ch"]
[Site "Bangkok"]
[Date "2024.04.17"]
[Round "1"]
[White "Saeheng, Boonsueb"]
[Black "Pienpoldeesakul, Baimon"]
[Result "1-0"]
[WhiteElo "2068"]
[BlackElo "1620"]
[PlyCount "57"]
[EventDate "2024.04.17"]
[EventType "swiss"]
[EventRounds "9"]
[EventCountry "THA"]
[SourceTitle "CBM 220 Extra"]
[Source "ChessBase"]
[SourceDate "2024.07.31"]
[SourceVersion "1"]
[SourceVersionDate "2024.07.31"]
[SourceQuality "1"]

1. d4 d5 2. c4 dxc4 3. Nf3 Nf6 4. e3 e6 5. Bxc4 c5 6. 0-0 a6 7. a4 Nc6 8. Nc3 cxd4 9. exd4 Be7 10. h3 0-0 11. Be3 Nb4 12. Re1 b6 13. Be2 Bb7 14. Ne5 Rc8 15. Qb3 Qd6 16. Rad1 Nbd5 17. Bf3 Nxc3 18. bxc3 Bxf3 19. Nxf3 Nd5 20. Bd2 Qa3 21. Rb1 Nxc3 22. Qxa3 Bxa3 23. Rb3 Nxa4 24. Rxa3 b5 25. Rea1 Rc2 26. R3a2 Rc4 27. Be3 f6 28. Nd2 Rc6 29. Nb3 1-0

[Event "THA-ch Rapid"]
[Site "Bangkok"]
[Date "2023.12.06"]
[Round "9"]
[White "Pantong, Tikampon"]
[Black "Saeheng, Boonsueb"]
[Result "0-1"]
[WhiteElo "1429"]
[BlackElo "2126"]
[PlyCount "44"]
[EventDate "2023.12.05"]
[EventType "swiss (rapid)"]
[EventRounds "13"]
[EventCountry "THA"]
[SourceTitle "CBM 217 Extra"]
[Source "ChessBase"]
[SourceDate "2024.01.31"]
[SourceVersion "1"]
[SourceVersionDate "2024.01.31"]
[SourceQuality "1"]

1. e4 d6 2. d4 Nf6 3. Nc3 c6 4. Bg5 Nbd7 5. Nf3 Qa5 6. Bd3 e5 7. Qd2 h6 8. Be3 Ng4 9. 0-0 Be7 10. h3 Nxe3 11. fxe3 0-0 12. Nh4 Bxh4 13. Kh2 Bg5 14. Qf2 Qd8 15. g3 b5 16. Qf3 a6 17. Rf2 Bf6 18. Raf1 exd4 19. Ne2 Ne5 20. Qh5 Bg5 21. Nxd4 Bxe3 22. Re2 Bxd4 0-1

[Event "THA-ch Rapid"]
[Site "Bangkok"]
[Date "2023.12.06"]
[Round "5"]
[White "Saeheng, Boonsueb"]
[Black "Kulpruethanon, Thanadon"]
[Result "0-1"]
[WhiteElo "2126"]
[BlackElo "2187"]
[PlyCount "38"]
[EventDate "2023.12.05"]
[EventType "swiss (rapid)"]
[EventRounds "13"]
[EventCountry "THA"]
[SourceTitle "CBM 217 Extra"]
[Source "ChessBase"]
[SourceDate "2024.01.31"]
[SourceVersion "1"]
[SourceVersionDate "2024.01.31"]
[SourceQuality "1"]

1. e4 c5 2. Nf3 Nc6 3. Bb5 g6 4. 0-0 Bg7 5. Re1 Nf6 6. c3 0-0 7. d4 d5 8. exd5 Qxd5 9. Bxc6 Qxc6 10. Rxe7 Be6 11. Ne5 Qc8 12. Qf3 Nd5 13. Rxe6 Qxe6 14. Na3 cxd4 15. cxd4 Rad8 16. g3 Qb6 17. Nc2 Nb4 18. Nxb4 Qxb4 19. Qf4 Rxd4 0-1

[Event "THA-ch Rapid"]
[Site "Bangkok"]
[Date "2023.12.05"]
[Round "1"]
[White "Saeheng, Boonsueb"]
[Black "Burbach, Anya Belle"]
[Result "1-0"]
[WhiteElo "2126"]
[BlackElo "1301"]
[PlyCount "107"]
[EventDate "2023.12.05"]
[EventType "swiss (rapid)"]
[EventRounds "13"]
[EventCountry "THA"]
[SourceTitle "CBM 217 Extra"]
[Source "ChessBase"]
[SourceDate "2024.01.31"]
[SourceVersion "1"]
[SourceVersionDate "2024.01.31"]
[SourceQuality "1"]

1. d4 Nf6 2. Nf3 e6 3. Bg5 b6 4. e3 Bb7 5. Nbd2 Be7 6. Be2 d6 7. 0-0 0-0 8. a4 a6 9. c3 Nbd7 10. Qb1 Nd5 11. Bxe7 Qxe7 12. c4 N5f6 13. a5 d5 14. axb6 cxb6 15. cxd5 exd5 16. Rc1 Rfc8 17. Rxc8+ Bxc8 18. Qf1 a5 19. Rc1 Qd6 20. Bb5 Bb7 21. Rc3 Ne4 22. Nxe4 dxe4 23. Nd2 Nf6 24. Qc4 Qd8 25. Qc7 Qd5 26. Bc4 Qd7 27. Qxd7 Nxd7 28. Bb5 Nf6 29. Rc7 Bd5 30. Nc4 Rb8 31. Ne5 h6 32. Kf1 Rb7 33. Rc8+ Kh7 34. Ke2 Re7 35. Kd2 Ra7 36. Rd8 Ra8 37. Rxa8 Bxa8 38. Nxf7 Kg6 39. Ne5+ Kh7 40. h3 Kg8 41. Bc6 Bxc6 42. Nxc6 Kf8 43. Ne5 Ke7 44. Nc4 Nd7 45. f3 exf3 46. gxf3 Ke6 47. e4 g5 48. b3 Ke7 49. Kc3 Ke6 50. d5+ Ke7 51. Kd4 Nc5 52. Nxa5 bxa5 53. Kxc5 Kd7 54. e5 1-0

[Event "THA-ch Rapid"]
[Site "Bangkok"]
[Date "2023.12.05"]
[Round "3"]
[White "Saeheng, Boonsueb"]
[Black "Wongsawan, Thoetsak"]
[Result "1-0"]
[WhiteElo "2126"]
[BlackElo "1745"]
[PlyCount "73"]
[EventDate "2023.12.05"]
[EventType "swiss (rapid)"]
[EventRounds "13"]
[EventCountry "THA"]
[SourceTitle "CBM 217 Extra"]
[Source "ChessBase"]
[SourceDate "2024.01.31"]
[SourceVersion "1"]
[SourceVersionDate "2024.01.31"]
[SourceQuality "1"]

1. Nf3 Nf6 2. g3 d5 3. Bg2 Nc6 4. d4 Bf5 5. 0-0 e6 6. c4 Be7 7. cxd5 exd5 8. Nc3 0-0 9. Bf4 Bd6 10. Bg5 Be6 11. e4 Be7 12. e5 Ne4 13. Bxe7 Qxe7 14. Rc1 Rfd8 15. Qe2 Bg4 16. Qe3 Nxc3 17. Rxc3 Nb8 18. Qg5 Qxg5 19. Nxg5 h6 20. Nh3 c6 21. f4 Nd7 22. Nf2 Be2 23. Re1 Ba6 24. g4 g6 25. f5 Nf8 26. h4 h5 27. Bh3 hxg4 28. Bxg4 gxf5 29. Bxf5 Kh8 30. Ng4 Ne6 31. Bxe6 fxe6 32. Nf6 Rac8 33. Kf2 b6 34. Rg3 c5 35. Rg5 cxd4 36. Rh5+ Kg7 37. Rg1+ 1-0

[Event "Olympiad-44"]
[Site "Chennai"]
[Date "2022.08.05"]
[Round "7.4"]
[White "Saeheng, Boonsueb"]
[Black "Lungu, Nase"]
[Result "1/2-1/2"]
[WhiteElo "2063"]
[BlackElo "2216"]
[PlyCount "104"]
[EventDate "2022.07.29"]
[EventType "team-swiss"]
[EventRounds "11"]
[EventCountry "IND"]
[SourceTitle "CBM 210"]
[Source "ChessBase"]
[SourceDate "2022.10.31"]
[SourceVersion "1"]
[SourceVersionDate "2022.10.31"]
[SourceQuality "1"]
[WhiteTeam "Thailand"]
[BlackTeam "Zambia"]
[WhiteTeamCountry "THA"]
[BlackTeamCountry "ZAM"]

1. d4 d5 2. c4 dxc4 3. e4 c5 4. d5 Nf6 5. Qa4+ Bd7 6. Qxc4 e6 7. Nc3 a6 8. a4 b5 9. Qe2 b4 10. dxe6 Bxe6 11. Nb1 Nc6 12. Nf3 c4 13. e5 Nd5 14. Qxc4 Rc8 15. Qe4 Nxe5 16. Nbd2 Nxf3+ 17. Nxf3 Qa5 18. Bd2 Be7 19. Bd3 Bf6 20. Nd4 Bxd4 21. Qxd4 0-0 22. 0-0 Rfd8 23. Qh4 h6 24. Rfd1 Rd7 25. Bxh6 gxh6 26. Qxh6 f6 27. Rac1 Rxc1 28. Rxc1 Qd8 29. Bxa6 Rg7 30. g3 Nc7 31. Bf1 Qd4 32. Rc2 Bd5 33. Re2 Ne6 34. Qh5 Nf8 35. Qf5 Rg5 36. Qc2 Re5 37. Rd2 b3 38. Qd3 Qxa4 39. h4 Kg7 40. Kh2 Qe4 41. Qxe4 Bxe4 42. Rd4 Ne6 43. Rb4 Bd5 44. Bg2 Nc5 45. Bxd5 Rxd5 46. Rb5 f5 47. Kg2 Kf6 48. Kf3 Re5 49. Rb6+ Re6 50. Rb5 Re5 51. Rb6+ Re6 52. Rb5 Re5 1/2-1/2

[Event "Bangkok Olympiad Qual"]
[Site "Bangkok"]
[Date "2022.06.05"]
[Round "9"]
[White "Saeheng, Boonsueb"]
[Black "Pornariyasombat, Atippat"]
[Result "1-0"]
[WhiteElo "2068"]
[BlackElo "1963"]
[PlyCount "47"]
[EventDate "2022.06.01"]
[EventType "tourn"]
[EventRounds "9"]
[EventCountry "THA"]
[SourceTitle "CBM 208 Extra"]
[Source "ChessBase"]
[SourceDate "2022.07.31"]
[SourceVersion "1"]
[SourceVersionDate "2022.07.31"]
[SourceQuality "1"]

1. d4 d6 2. e4 g6 3. Nf3 Bg7 4. h3 c6 5. a4 a5 6. Nc3 Na6 7. Bc4 Nf6 8. Qe2 0-0 9. e5 dxe5 10. dxe5 Nd5 11. Ra3 Nab4 12. 0-0 Nb6 13. Bb3 Bd7 14. Ne4 Qc8 15. Nc5 Bf5 16. Nd4 Nd7 17. Nxf5 gxf5 18. Nxd7 Qxd7 19. e6 Qc7 20. exf7+ Kh8 21. Be6 Rad8 22. Rf3 Qd6 23. Rxf5 Nxc2 24. Rh5 1-0

[Event "Nonthaburi SEA Games Qual"]
[Site "Nonthaburi"]
[Date "2021.03.05"]
[Round "3.1"]
[White "Saeheng, Boonsueb"]
[Black "Kulpruethanon, Thanadon"]
[Result "0-1"]
[WhiteElo "2058"]
[BlackElo "2282"]
[PlyCount "72"]
[EventDate "2021.03.04"]
[EventType "swiss"]
[EventRounds "9"]
[EventCountry "THA"]
[SourceTitle "EXT 2022"]
[Source "ChessBase"]
[SourceDate "2021.10.06"]
[SourceVersion "1"]
[SourceVersionDate "2021.10.06"]
[SourceQuality "1"]

1. e4 c5 2. Nf3 Nc6 3. d4 cxd4 4. Nxd4 g6 5. Nc3 Bg7 6. Be3 Nf6 7. Bc4 0-0 8. Bb3 Re8 9. 0-0 d6 10. h3 Na5 11. Re1 a6 12. Bg5 b5 13. Bd5 Nxd5 14. Nxd5 Bb7 15. c3 Nc4 16. Re2 Nb6 17. Nc2 Na4 18. Nce3 h6 19. Bh4 g5 20. Bg3 e6 21. Nb4 a5 22. Nd3 Bxe4 23. f3 Bg6 24. Nc1 d5 25. Nd3 e5 26. Bf2 e4 27. fxe4 dxe4 28. Ne1 Qxd1 29. Rxd1 b4 30. cxb4 axb4 31. Rdd2 f5 32. Nd5 f4 33. Bd4 e3 34. Rd1 Rad8 35. Bxg7 Kxg7 36. Rd4 Nb6 0-1

[Event "THA-ch"]
[Site "Bangkok"]
[Date "2020.02.09"]
[Round "7"]
[White "Suppt Hongs, Paisal"]
[Black "Saeheng, Boonsueb"]
[Result "0-1"]
[WhiteElo "1770"]
[BlackElo "2092"]
[PlyCount "80"]
[EventDate "2020.02.06"]
[EventType "swiss"]
[EventRounds "9"]
[EventCountry "THA"]
[SourceTitle "CBM 195 Extra"]
[Source "ChessBase"]
[SourceDate "2020.05.31"]
[SourceVersion "1"]
[SourceVersionDate "2020.05.31"]
[SourceQuality "1"]

1. g3 d5 2. f4 Nf6 3. Bg2 Bf5 4. Nf3 h6 5. 0-0 e6 6. h3 Nbd7 7. Kh2 c6 8. b3 Qc7 9. c3 Bd6 10. Ba3 c5 11. d3 g5 12. e3 0-0-0 13. Qe2 Rhg8 14. Bc1 gxf4 15. gxf4 Nh5 16. Rf2 Ng3 17. Qd1 Bh7 18. Kg1 Nf6 19. Na3 a6 20. Nc2 c4 21. dxc4 Nfe4 22. cxd5 Nxf2 23. Kxf2 Ne4+ 24. Kg1 Nxc3 25. Qd2 Nxd5 26. Nce1 Bb4 27. Qf2 Qc3 28. Bb2 Qxe3 29. Qxe3 Nxe3 30. Rc1+ Kb8 31. Be5+ Bd6 32. Kf2 Nxg2 33. Nxg2 Bxe5 34. fxe5 Rc8 35. Rd1 Be4 36. Ne3 Bxf3 37. Kxf3 Rg5 38. Kf4 Rc5 39. Nc4 b5 40. Ne3 Rcxe5 0-1

[Event "THA-ch"]
[Site "Bangkok"]
[Date "2020.02.06"]
[Round "2"]
[White "Saeheng, Boonsueb"]
[Black "Sajjapornthep, Jarunpol"]
[Result "1-0"]
[WhiteElo "2092"]
[BlackElo "1869"]
[PlyCount "113"]
[EventDate "2020.02.06"]
[EventType "swiss"]
[EventRounds "9"]
[EventCountry "THA"]
[SourceTitle "CBM 195 Extra"]
[Source "ChessBase"]
[SourceDate "2020.05.31"]
[SourceVersion "1"]
[SourceVersionDate "2020.05.31"]
[SourceQuality "1"]

1. d4 d5 2. c4 e6 3. Nc3 Nf6 4. Nf3 Bb4 5. Bg5 c6 6. Rc1 Nbd7 7. a3 Bxc3+ 8. Rxc3 h6 9. Bc1 Ne4 10. Rc2 Qf6 11. e3 0-0 12. Bd3 Qg6 13. 0-0 f5 14. b4 a6 15. a4 Qh5 16. Be2 Qe8 17. b5 axb5 18. axb5 Ra1 19. Qd3 Qe7 20. cxd5 cxd5 21. Bb2 Rxf1+ 22. Bxf1 Qd8 23. Ba3 Re8 24. Bb4 b6 25. Qa3 Bb7 26. Qa7 Qa8 27. Qxa8 Rxa8 28. Rc7 Bc8 29. Ne1 Kf7 30. Nd3 Ke8 31. f3 Ng5 32. Nf4 Kf7 33. Rc6 Nf8 34. Rxb6 Ngh7 35. Rc6 Bd7 36. Ra6 Rxa6 37. bxa6 Bc6 38. a7 g5 39. Bb5 Ba8 40. Nd3 Ng6 41. Bc5 Nf6 42. Nb4 Ne8 43. Na6 Bb7 44. Bxe8+ Kxe8 45. a8Q+ Bxa8 46. Nc7+ Kd7 47. Nxa8 Kc6 48. Nb6 e5 49. Kf2 h5 50. Na4 Kb5 51. Nb2 e4 52. g3 g4 53. f4 h4 54. Ke2 h3 55. Bd6 Nh4 56. gxh4 g3 57. Nd1 1-0

[Event "Pattaya op"]
[Site "Pattaya"]
[Date "2018.10.28"]
[Round "6"]
[White "Saeheng, Boonsueb"]
[Black "Quizon, Daniel"]
[Result "1/2-1/2"]
[WhiteElo "2163"]
[BlackElo "2334"]
[PlyCount "53"]
[EventDate "2018.10.24"]
[EventType "swiss"]
[EventRounds "9"]
[EventCountry "THA"]
[SourceTitle "CBM 187 Extra"]
[Source "ChessBase"]
[SourceDate "2018.11.04"]
[SourceVersion "1"]
[SourceVersionDate "2018.11.04"]
[SourceQuality "1"]

1. Nf3 Nf6 2. c4 g6 3. Nc3 d6 4. d4 Bg7 5. e4 0-0 6. Be2 e5 7. 0-0 exd4 8. Nxd4 Nc6 9. Be3 Re8 10. f3 Nh5 11. Qd2 Nf4 12. Nxc6 Nxe2+ 13. Nxe2 bxc6 14. Bd4 c5 15. Bxg7 Kxg7 16. Nf4 Be6 17. Qc3+ Qf6 18. Rac1 Rab8 19. b3 Qxc3 20. Rxc3 f6 21. Nxe6+ Rxe6 22. Kf2 a5 23. a4 Ree8 24. Rd1 Re5 25. Rd5 Rbe8 26. Rcd3 Rxd5 27. exd5 1/2-1/2

[Event "Olympiad-43"]
[Site "Batumi"]
[Date "2018.10.02"]
[Round "8.2"]
[White "Saeheng, Boonsueb"]
[Black "Kobese, Watu"]
[Result "0-1"]
[WhiteElo "2163"]
[BlackElo "2344"]
[PlyCount "54"]
[EventDate "2018.09.24"]
[EventType "team-swiss"]
[EventRounds "11"]
[EventCountry "GEO"]
[SourceTitle "CBM 187"]
[Source "ChessBase"]
[SourceDate "2018.12.11"]
[SourceVersion "1"]
[SourceVersionDate "2018.12.11"]
[SourceQuality "1"]
[WhiteTeam "Thailand"]
[BlackTeam "South Africa"]
[WhiteTeamCountry "THA"]
[BlackTeamCountry "RSA"]

1. d4 Nf6 2. c4 e6 3. Nf3 Bb4+ 4. Bd2 Qe7 5. g3 Nc6 6. Bg2 Bxd2+ 7. Nbxd2 d6 8. 0-0 0-0 9. e4 e5 10. d5 Nb8 11. b4 a5 12. a3 Na6 13. Rb1 c6 14. Ne1 axb4 15. axb4 cxd5 16. cxd5 Bd7 17. Nc2 Ba4 18. Nb3 Rfc8 19. Qd2 Rc4 20. Rfc1 Bxb3 21. Rxb3 Qc7 22. Bf1 Nxe4 23. Qe2 b5 24. Ra1 Qb7 25. Na3 Nc7 26. Rd1 Nc3 27. Qe1 Nxd1 0-1

[Event "Olympiad-43"]
[Site "Batumi"]
[Date "2018.09.30"]
[Round "6.55"]
[White "Walker, Martin Graham"]
[Black "Saeheng, Boonsueb"]
[Result "1/2-1/2"]
[WhiteElo "2078"]
[BlackElo "2163"]
[PlyCount "144"]
[EventDate "2018.09.24"]
[EventType "team-swiss"]
[EventRounds "11"]
[EventCountry "GEO"]
[SourceTitle "CBM 187"]
[Source "ChessBase"]
[SourceDate "2018.12.11"]
[SourceVersion "1"]
[SourceVersionDate "2018.12.11"]
[SourceQuality "1"]
[WhiteTeam "South Korea"]
[BlackTeam "Thailand"]
[WhiteTeamCountry "KOR"]
[BlackTeamCountry "THA"]

1. e4 c5 2. Nf3 d6 3. Bb5+ Nd7 4. d4 cxd4 5. Qxd4 e5 6. Qb4 h6 7. 0-0 Ngf6 8. Nc3 Qc7 9. Nd5 Nxd5 10. exd5 a6 11. Bxd7+ Bxd7 12. Be3 Rc8 13. c4 Be7 14. Rfc1 a5 15. Qb3 0-0 16. Bb6 Qb8 17. Bxa5 b5 18. cxb5 Qxb5 19. Qxb5 Bxb5 20. Bb4 Bc4 21. Nxe5 Bxd5 22. Nd3 Bc4 23. Ne5 dxe5 24. Bxe7 Rfe8 25. Bd6 Bxa2 26. Rxc8 Rxc8 27. Bxe5 Bb3 28. h3 Rc5 29. Ra8+ Kh7 30. Rb8 Rxe5 31. Rxb3 Re1+ 32. Kh2 g5 33. Kg3 Re2 34. Kf3 Rc2 35. Rb6 Kg7 36. g4 Kh7 37. Ke3 Kg7 38. Kf3 Rd2 39. Kg3 Rc2 40. b4 Rb2 41. b5 Rb3+ 42. Kg2 Rb4 43. Rb8 Kf6 44. b6 Ke5 45. Kf3 Rb3+ 46. Ke2 Kf4 47. Rf8 Rxb6 48. Rxf7+ Ke4 49. Rh7 Rb2+ 50. Kf1 Rb6 51. Kg2 Ke5 52. Rf7 Ke6 53. Rh7 Ke5 54. Kg3 Ra6 55. h4 Rg6 56. f3 Ke6 57. Ra7 Ke5 58. Ra5+ Kf6 59. Ra6+ Kg7 60. Rxg6+ Kxg6 61. Kf2 Kf6 62. Ke3 Ke5 63. f4+ gxf4+ 64. Kf3 Ke6 65. Ke4 Kf7 66. Kxf4 Kf6 67. Ke4 Ke6 68. Kd4 Kd6 69. Ke3 Ke7 70. Kf3 Kf7 71. Kg3 Kg7 72. Kf4 Kf6 1/2-1/2

[Event "Olympiad-43"]
[Site "Batumi"]
[Date "2018.09.28"]
[Round "5.42"]
[White "Saeheng, Boonsueb"]
[Black "Abdulwahhab, Ahmed Abdulsattar"]
[Result "0-1"]
[WhiteElo "2163"]
[BlackElo "2271"]
[PlyCount "86"]
[EventDate "2018.09.24"]
[EventType "team-swiss"]
[EventRounds "11"]
[EventCountry "GEO"]
[SourceTitle "CBM 187"]
[Source "ChessBase"]
[SourceDate "2018.12.11"]
[SourceVersion "1"]
[SourceVersionDate "2018.12.11"]
[SourceQuality "1"]
[WhiteTeam "Thailand"]
[BlackTeam "Iraq"]
[WhiteTeamCountry "THA"]
[BlackTeamCountry "IRQ"]

1. d4 Nf6 2. c4 g6 3. Nc3 Bg7 4. e4 d6 5. Nf3 0-0 6. Be2 Bg4 7. Be3 Nfd7 8. 0-0 e5 9. dxe5 dxe5 10. Qb3 Bxf3 11. Bxf3 Nc6 12. Qxb7 Nd4 13. Bd1 Rb8 14. Qxa7 Rxb2 15. Qa3 Rb8 16. Qc1 Nc5 17. Rb1 c6 18. Rxb8 Qxb8 19. Qa3 Nce6 20. Bb3 Re8 21. Rb1 Bf8 22. Qc1 Qa7 23. Qf1 Qa5 24. Na4 Ra8 25. Qd1 Rd8 26. Qf1 Kg7 27. Kh1 Be7 28. f3 Bg5 29. Bf2 h5 30. Bd1 h4 31. Qe1 Bd2 32. Qf1 g5 33. c5 Bb4 34. Qc4 Bxc5 35. Nxc5 Nxc5 36. Qf1 Qxa2 37. Rc1 Nce6 38. Rc3 Rb8 39. Be3 Rb1 40. Rc1 Rb2 41. h3 Nf4 42. Bxf4 gxf4 43. Kh2 Rf2 0-1

[Event "Asian-ch Indoor Games qual Men Rapid"]
[Site "Bangkok"]
[Date "2017.05.20"]
[Round "5.2"]
[White "Sajjapornthep, Jarunpol"]
[Black "Saeheng, Boonsueb"]
[Result "0-1"]
[WhiteElo "1860"]
[BlackElo "2180"]
[PlyCount "58"]
[EventDate "2017.05.20"]
[EventType "swiss (rapid)"]
[EventRounds "9"]
[EventCountry "THA"]
[SourceTitle "EXT 2024"]
[Source "ChessBase"]
[SourceDate "2023.10.10"]
[SourceVersion "1"]
[SourceVersionDate "2023.10.10"]
[SourceQuality "1"]

1. d4 f5 2. Nf3 Nf6 3. c4 g6 4. Nc3 Bg7 5. Qc2 0-0 6. e3 d6 7. Bd3 Nc6 8. a3 e5 9. dxe5 dxe5 10. e4 Nd4 11. Nxd4 exd4 12. Ne2 fxe4 13. Bxe4 Nxe4 14. Qxe4 Re8 15. Qf3 d3 16. Be3 dxe2 17. Qxe2 Bh6 18. 0-0 Bxe3 19. fxe3 Qe7 20. Rae1 Be6 21. b3 Rf8 22. Rf3 Rxf3 23. gxf3 Qxa3 24. Qd3 Qe7 25. Rd1 Rf8 26. Qe4 c6 27. c5 Qg5+ 28. Kh1 Bd5 29. Rxd5 Qxd5 0-1

[Event "Asian-ch Indoor Games qual Men"]
[Site "Bangkok"]
[Date "2017.05.01"]
[Round "6.2"]
[White "Saeheng, Boonsueb"]
[Black "Pornariyasombat, Atippat"]
[Result "0-1"]
[WhiteElo "2212"]
[BlackElo "2049"]
[PlyCount "100"]
[EventDate "2017.04.28"]
[EventType "swiss"]
[EventRounds "9"]
[EventCountry "THA"]
[SourceTitle "EXT 2024"]
[Source "ChessBase"]
[SourceDate "2023.10.10"]
[SourceVersion "1"]
[SourceVersionDate "2023.10.10"]
[SourceQuality "1"]

1. d4 g6 2. e4 Bg7 3. Nf3 d6 4. Be2 c5 5. d5 Nf6 6. Nc3 0-0 7. 0-0 a6 8. a4 Bg4 9. Nd2 Bc8 10. Ra3 b6 11. Nc4 Bb7 12. Rb3 Nbd7 13. f4 Ne8 14. Bg4 Bd4+ 15. Kh1 Nef6 16. Bf3 Qc7 17. Ne2 b5 18. axb5 axb5 19. Na3 c4 20. Rxb5 Bc5 21. b4 cxb3 22. Rxb3 Ba6 23. Nb5 Bxb5 24. Rxb5 Ra1 25. Nd4 Bxd4 26. Qxd4 Qxc2 27. Qxa1 Qc4 28. Rd1 Qxb5 29. Bb2 Rb8 30. Bd4 Nc5 31. Bxf6 exf6 32. Qxf6 Nd3 33. Qd4 Nxf4 34. Qd2 g5 35. g3 Ng6 36. Qxg5 Qc5 37. Bg2 Qc2 38. Rf1 Rb2 39. Qd8+ Nf8 40. Rg1 Qf2 41. Qxd6 Ng6 42. h4 h5 43. Qd8+ Kg7 44. Kh2 Rb3 45. Qg5 f6 46. Qxh5 Qxg3+ 47. Kh1 Nf4 48. Bf3 Nxh5 49. Rxg3+ Nxg3+ 50. Kg2 Nf1 0-1